Состояние геологической среды (недр) территории Сибирского федерального округа в 2021 году: информационный бюллетень; Вып. 18

Dades bibliogràfiques
Autor corporatiu: Гидроспецгеология Сибирский региональный центр государственного мониторинга состояния недр
Altres autors: Льготин В. А.
Sumari:В бюллетене содержится аналитическая информация о состоянии недр (геологической среды) Сибирского федерального округа за 2021 г. Оценка изменений геологической среды базируется на сравнительном анализе материалов, полученных в процессе мониторинговых исследований в 2021 г. и в предыдущие годы. Влияние хозяйственной деятельности на состояние недр и окружающую среду рассматривается в увязке с добычей подземных вод, полезных ископаемых, комплексным техногенным воздействием в пределах урбанизированных территорий, сельскохозяйственным использованием земель, проявлениями опасных экзогенных процессов в пределах населенных пунктов и хозяйственных объектов на территориях субъектов Федерации, входящих в Сибирский федеральный округ. На основании результатов анализа состояния геологической среды даются прогнозы его изменения на следующий год, а также рекомендации по рациональному недропользованию, связанному с использованием подземных вод и снижению ущерба от проявлений ЭГП.
Idioma:rus
Publicat: Томск, [Б. и.], 2022
Matèries:
Format: MixedMaterials Llibre
KOHA link:https://koha.lib.tpu.ru/cgi-bin/koha/opac-detail.pl?biblionumber=376763

MARC

LEADER 00000nam0a2200000 4500
001 376763
005 20231102012838.0
035 |a (RuTPU)RU\TPU\retro\34205 
035 |a RU\TPU\book\378804 
090 |a 376763 
100 |a 20230112d2022 k y0rusy50 ca 
101 0 |a rus 
102 |a RU 
105 |a a z 001zy 
200 1 |a Состояние геологической среды (недр) территории Сибирского федерального округа в 2021 году  |e информационный бюллетень  |h Вып. 18  |f Гидроспецгеология, Сибирский региональный центр государственного мониторинга состояния недр ; гл. ред. В. А. Льготин 
210 |a Томск  |c [Б. и.]  |d 2022 
215 |a 204 с.  |c ил. 
320 |a Библиогр.: с. 163-164 
330 |a В бюллетене содержится аналитическая информация о состоянии недр (геологической среды) Сибирского федерального округа за 2021 г. Оценка изменений геологической среды базируется на сравнительном анализе материалов, полученных в процессе мониторинговых исследований в 2021 г. и в предыдущие годы. Влияние хозяйственной деятельности на состояние недр и окружающую среду рассматривается в увязке с добычей подземных вод, полезных ископаемых, комплексным техногенным воздействием в пределах урбанизированных территорий, сельскохозяйственным использованием земель, проявлениями опасных экзогенных процессов в пределах населенных пунктов и хозяйственных объектов на территориях субъектов Федерации, входящих в Сибирский федеральный округ. На основании результатов анализа состояния геологической среды даются прогнозы его изменения на следующий год, а также рекомендации по рациональному недропользованию, связанному с использованием подземных вод и снижению ущерба от проявлений ЭГП. 
606 1 |a Геология  |y Сибирь  |2 stltpush  |3 (RuTPU)RU\TPU\subj\68833  |9 83954 
606 1 |a Гидрология общая  |2 stltpush  |3 (RuTPU)RU\TPU\subj\6718  |9 34528 
610 1 |a Сибирский федеральный округ 
610 1 |a геологическая среда 
610 1 |a подземные воды 
610 1 |a техногенные нагрузки 
610 1 |a ресурсная база 
610 1 |a экзогенные геологические процессы 
610 1 |a информационные ресурсы 
675 |a 55(571.1/.5)  |v 3 
675 |a 556  |v 3 
702 1 |a Льготин  |b В. А.  |4 651 
712 0 2 |a Гидроспецгеология  |b Сибирский региональный центр государственного мониторинга состояния недр  |c (Томск)  |2 stltpush  |3 (RuTPU)RU\TPU\col\24837  |9 28458 
801 1 |a RU  |b 63413507  |c 20091028 
801 2 |a RU  |b 63413507  |c 20230324  |g RCR 
942 |c BK